| 000 | 00998cam a2200301 i 4500 | ||
|---|---|---|---|
| 999 |
_c5988 _d5988 |
||
| 001 | 18269055 | ||
| 003 | OSt | ||
| 005 | 20190111144538.0 | ||
| 008 | 140815s2014 miu 000 0 eng | ||
| 010 | _a 2014008738 | ||
| 020 | _a9780825443336 | ||
| 040 |
_aDLC _beng _erda _cDLC _dDLC |
||
| 042 | _apcc | ||
| 050 | 0 | 0 |
_aBV4527 _b.E425 2014 |
| 082 | 0 | 0 |
_a253 _223 _bE26O |
| 100 | 1 |
_aEdwards, Sue, _d1947- |
|
| 245 | 1 | 0 |
_aOrganic mentoring : _ba mentor's guide to relationships with next generation women / _cSue Edwards & Barbara Neumann. |
| 264 | 1 |
_aGrand Rapids, Michigan : _bKregel Publications, _c[2014] |
|
| 300 |
_a218 pages ; _c22 cm |
||
| 336 |
_atext _btxt _2rdacontent |
||
| 337 |
_aunmediated _bn _2rdamedia |
||
| 338 |
_avolume _bnc _2rdacarrier |
||
| 650 | 0 |
_aChristian women _xReligious life. |
|
| 650 | 0 |
_aMentoring _xReligious aspects _xChristianity. |
|
| 906 |
_a7 _bcbc _corignew _d1 _eecip _f20 _gy-gencatlg |
||
| 942 |
_2ddc _cBK |
||